| 000 | 01332nam a22002777a 4500 | ||
|---|---|---|---|
| 005 | 20170124103150.0 | ||
| 010 | _aA-561531 | ||
| 020 | _c04.50 | ||
| 035 | _aA-561531 | ||
| 037 | _bCen Lib/Ret | ||
| 040 |
_aDPL _bHN |
||
| 082 |
_a824 _bचतुर्वे |
||
| 100 |
_aचतुर्वेदी, राजेश्वर प्रसाद _987867 |
||
| 245 |
_aआचार्य शुक्ल और उनकी चिन्तामणि / _cराजेश्वर प्रसाद चतुर्वेदी |
||
| 246 |
_aAcharya Shukl aur unki chintamani / _bby Rajeshwar Prasad Chaturvedi |
||
| 250 | _aद्वितीय संस्करण | ||
| 260 |
_aदिल्ली _bरीगल बुक डिपो _c1970 |
||
| 270 |
_bदिल्ली _aनई सड़क _e110006 |
||
| 300 |
_a304पृ. _c17सेमी(सजिल्द) |
||
| 500 | _aअनुक्रमाणिका शामिल | ||
| 650 |
_aहिन्दी -- साहित्य _987868 |
||
| 650 |
_aशुक्लजी -- समीक्षात्मक एवं विचारात्मक निबंध _987869 |
||
| 650 |
_aHindi literature _987870 |
||
| 650 |
_aShuklji - critical and reflective essay _987871 |
||
| 942 |
_2ddc _cHN _h824 _mचतुर्वे |
||
| 999 |
_c119961 _d119961 |
||